00671nam a2200205Ia 450000500170000000800410001701600140005802000150007204000240008705000200011108200120013110000200014311000820016324500390024526000910028430000230037550000400039856300100043865000170044820260131175624.0210303s9999 xx 000 0 und d 2reto2022b a3540076360 aNLNbEnglisheAACR2 aHA39.N685bM478 a300.727 aMCGEE, T.Geaut aOgun State. Ministry of Finance and Economic development. Statistics Division 0aStatistical abstract /bT.G. Mcgee aAbeokuta :bStatistics Division, Ministry of Finance and Economic Development ,c1976. aIV ,179p.b; 23cm. aIncludes bibliographical references a(pbk) aStatistical